Województwa Polski wg powierzchni oraz ludności - Statystyki

Ogólne statystyki
  • Ten quiz został rozwiązany 46 razy
  • Średni wynik to 9 z 16
Statystyki odpowiedzi
Powierzchnia (km2) Odpowiedź % Poprawnych
35 559 mazowieckie
100%
29 826 wielkopolskie
88%
25 123 lubelskie
69%
24 173 warmińsko-mazurskie
69%
18 947 dolnośląskie
66%
20 187 podlaskie
66%
22 905 zachodniopomorskie
66%
18 323 pomorskie
63%
12 333 śląskie
56%
18 219 łódzkie
53%
9 412 opolskie
50%
17 971 kujawsko-pomorskie
47%
15 183 małopolskie
44%
17 846 podkarpackie
44%
11 710 świętokrzyskie
34%
13 988 lubuskie
31%
Nie znaleziono quizów pasujących do podanych kryteriów
Rozkład punktacji
Procent ludzi z każdym wynikiem
Percentyl według liczby udzielonych odpowiedzi
Twoja historia wyników
Nie rozwiązałeś tego quizu